000 00704nam a2200205Ia 4500
008 151119s9999||||xx |||||||||||||| ||und||
082 _a294वैद्य/षटच
082 _bGKKV33702
100 _a"वैद्य, श्री म"
245 _aषटचक्र सोहम् दर्शन व भेदन
260 _a--------
260 _b-------
260 _c2015
300 _a150p.
600 _a"वैद्य, श्री म"
630 _aषटचक्र सोहम् दर्शन व भेदन
700 _a"वैद्य, श्री म"
730 _aषटचक्र सोहम् दर्शन व भेदन
942 _cBOOK
999 _c1085997
_d1085994